UBT Library

MANAGEMENT OF URINARY TRACT INFECTIONS (Record no. 58507)

000 -LEADER
fixed length control field 00341nam a22001457a 4500
008 - FIXED-LENGTH DATA ELEMENTS--GENERAL INFORMATION
fixed length control field 221012b ||||| |||| 00| 0 eng d
020 ## - INTERNATIONAL STANDARD BOOK NUMBER
International Standard Book Number 1853151114
041 ## - LANGUAGE CODE
Language code of text/sound track or separate title eng
080 ## - UNIVERSAL DECIMAL CLASSIFICATION NUMBER
Universal Decimal Classification number 616.9
082 ## - DEWEY DECIMAL CLASSIFICATION NUMBER
Classification number 616.9 HAR
100 ## - Rafti
Rafti 16.2
101 ## - Shkurtesa
Shkurtesa INFEK
245 ## - TITLE STATEMENT
Title MANAGEMENT OF URINARY TRACT INFECTIONS
Statement of responsibility, etc HARRISON LLOYD
942 ## - ADDED ENTRY ELEMENTS (KOHA)
Source of classification or shelving scheme
Item type Books
Holdings
Withdrawn status Lost status Source of classification or shelving scheme Damaged status Not for loan Collection code Permanent location Current location Date acquired Total Checkouts Full call number Barcode Date last seen Price effective from Koha item type
          Koleksioni i përgjithshem UBT - Lipjan UBT - Lipjan 10/12/2022   616.9 HAR 002-80002870026054 10/12/2022 10/12/2022 Books
            UBT - Prishtine UBT - Prishtine 10/12/2022   616.9 KUN 002-80002870026055 10/12/2022 10/12/2022 Books
UBT Library © 2015-2024. All rights reserved University Education for Business and Technology